000 00560nam a2200205Ia 4500
005 20250923144652.0
008 008 250917s9999 xx 000 0 eng d
037 _aTextual
040 _aDSWL
_beng
_cDSWL
041 _aeng
_2eng
084 _aR6, G2
_qDSWL
100 _aHiriyanna, M.
_9827181
245 0 _aOutlines of Indian Philosophy
_cby M. Hiriyanna
260 _aLondon
_bGeorge Allen & Unwing Ltd.
_c1932
300 _a419p.
365 _aINR
_b25
925 _g25
942 _cTEXL
_hR6, G2
999 _c1441826
_d1441826